000
00263nam a2200109Ia 4500
008
220216s9999 xx 000 0 und d
100
_a
Sebastian Cyriyak
245
0
_a
Sheeturubbernirmanam sredhikanere
260
_b
Rubber
_c
2013
300
_a
12-Sep
942
_c
JS
999
_c
68645
_d
68645